000 00411nam a22001697a 4500
003 MPLRDC
005 20220104114206.0
008 210129b ||||| |||| 00| 0 eng d
082 _a857.455 CDF v.2
100 _a蔡东藩
245 _a宋史演义. 下册
_c
250 _a一版一刷
260 _a
_b上海文化出版社
_c1981
300 _b
650 _a历史小说
942 _cBK
_o857.455 CDF v.2
999 _c5545
_d5535